| 000 | 01214nmm a2200313 a 4500 | ||
|---|---|---|---|
| 003 | AR-BaBNM | ||
| 005 | 20251128203404.0 | ||
| 008 | 097019s1989 ||||||||||||||000 | spa|| | ||
| 020 | _a950-574-079-4 | ||
| 040 | _cAR-BaBNM | ||
| 100 | 1 | _aBidart Campos, Germán J. | |
| 245 | 1 | 0 |
_aTratado elemental de derecho constitucional argentino _blos pactos internacionales sobre derechos humanos y la constitución _n3 |
| 260 |
_aBuenos Aires _bEdiar _c1989 |
||
| 300 | 0 | _a386 p. | |
| 500 | 1 | _aContiene: constitución federal de la República Argentina, Convención americana sobre derechos humanos, Pacto internacional de derechos económicos, sociales y culturales, Pacto internacional de derechos civiles y políticos, Protocolo facultativo del pacto | |
| 500 | 0 | _aIndice general p. 383-386 | |
| 500 | 0 | _aIncluye actualización del tomo 1 y 2 | |
| 650 | 4 | _aDERECHO CONSTITUCIONAL | |
| 650 | 4 | _aCONSTITUCIONES | |
| 650 | 4 | _aDERECHOS HUMANOS | |
| 650 | 4 | _aTRATADOS | |
| 650 | 4 | _aDERECHOS CIVILES Y POLITICOS | |
| 650 | 4 | _aDERECHOS SOCIALES Y ECONOMICOS | |
| 650 | 4 | _aRELACIONES INTERNACIONALES | |
| 650 | 4 | _aDERECHO INTERNACIONAL | |
| 650 | 4 | _aLEGISLACION ARGENTINA | |
| 942 | _cBK | ||
| 998 | _cAndrea | ||
| 999 |
_c3163 _d3163 |
||